00729nam a22001697a 4500003000900000005001700009008004100026040001300067100005000080245008500130250000600215260001400221300001700235490000600252500015400258520014700412IT-RoPau20220918175937.0121219b xxu||||| |||| 00| 0 eng d cIT-RoPau aAlberione GiacomoqFondatore Famiglia Paolina aIi rosario del religioso.bRitiro mensile Alba 30 settembre - 1° ottobre 1933  aI aRomabSSP a16 p.c30 p. vI aIn questo dattiloscritto del Sac. Giacomo Alberione ci sono delle riflessioni fatte in un Ritiro mensile tenutosi ad Alba nel 1933 dal Primo Maestro. aIL ROSARIO DEL RELIGIOSO Il rosario è via per il religioso Il Rosario è verità per il religioso Il Rosario è vita per il religioso